000
00254nam a22001217a 4500
082
_a
894.812.3
_b
PAR/A
100
_a
PADAPPAKKARA, CLEMENT G
245
_a
ABHAYAM
260
_a
ALUVA
_b
PEN BOOKS
_c
2001
505
_a
POETRY
520
_a
POETRY
942
_c
BK
999
_c
4135
_d
4135